• 首页
  • 本馆介绍
  • 公告通知
  • 最新文献
  • 馆藏检索
  • 电子资源
  • 读者导购
  • 参考咨询
  • 我的图书馆
  • 登录
  • 详细信息显示
  • 放入我的书架
  • 预约/预借图书
  • 作者相关作品
  • 分类相关作品
  • 丛书相关作品
  • 出版社相关作品

书目信息

  • 表格格式
  • 工作单格式
  • 卡片格式
题名:
文学艺术与社会心理
    
 
作者: 童庆炳 著
分册:  
出版信息: 北京   高等教育出版社  1997.7
页数: 519页
开本: 20cm
丛书名:
单 册:
中图分类: I0-05
科图分类:
主题词: 文艺-社会心理--关系
电子资源:
ISBN: 7-04-005843-X
000 00569nam0 2200193 45
001 0104051631
005 20031219104049.4
010    @a7-04-005843-X@dCNY39.90
100    @a20010405d1997 km y0chiy0120 ea
101 0  @achi
105    @a z 000yy
200 1  @a文学艺术与社会心理@AWen Xue Yi Shu Yu She Hui Xin Li@f童庆炳等著@FTong Qing Bing Deng Zhu
210    @a北京@c高等教育出版社@d1997.7
215    @a519页@d20cm
606 0  @a文艺-社会心理@x关系
690    @aI0-05@v1
701  0 @a童庆炳@4著
801    @aCN@bTSTC@c20020930
905    @a213230@f1@b296495@dI0-05@e206
    
    文学艺术与社会心理/童庆炳等著.-北京:高等教育出版社,1997.7
    519页;20cm
    
    
    ISBN 7-04-005843-X:CNY39.90
    
●
相关链接 在E读中查询图书 在五车中查询图书 在当当中查询图书 在豆瓣中查询图书


正题名:文学艺术与社会心理     索取号:I0-05/206         预约/预借

序号 登录号 条形码 馆藏地/架位号 状态 备注
1 0296495   002964956   第一样本阅览室/ [索取号:I0-05/206] 在馆    
唐山师范学院图书馆 欢迎您!
大连网信软件有限公司© 版权所有